000 00846 a2200217 4500
008 080822t xxu||||| |||| 00| 0 eng d
010 _aENG-85125
020 _a8176489999
_c595.00
035 _aEN-68658
037 _bD.B.Act / Pub
082 _a780.54
100 _aSharma, Manorama
245 _aTradition of Hindustani music
_cby Manorama Sharma
260 _aNew Delhi
_bAPH Publishing Corporatioon
_c2006
270 _a5, Ansari Road, Darya Ganj
_bNew Delhi
_e110 002
_maphbooks@vsnl.net
_k011 23274050
300 _avii,258p.
_b21cm. (Hb)
500 _aIncludes bibliographical refrences
710 _a.
942 _adpl
_cEN
_k780.54 / SHA
_2ddc
_h780.54
_mSHA
999 _c1418
_d1418